Baja és környékének Mollusca - faunája

Elmentve itt :
Bibliográfiai részletek
Szerző: Richnovszky Andor
További közreműködők: Horváth Andor (Témavezető)
Dokumentumtípus: Disszertáció
Megjelent: 1960
Kulcsszavak:Állattan
Tárgyszavak:
Online Access:http://doktori.ek.szte.hu/8827
LEADER 00734nta a2200205 i 4500
001 dokt8827
005 20240320132406.0
008 240320s1960 hu om 0|| hun d
040 |a SZTE Doktori Repozitórium  |b hun 
041 |a hun 
100 1 |a Richnovszky Andor 
245 1 0 |a Baja és környékének Mollusca - faunája  |h [elektronikus dokumentum] /  |c  Richnovszky Andor 
260 |c 1960 
502 |a Disszertacio 
650 4 |a biológiai tudományok 
650 4 |a Biológiai tudományok 
650 4 |a Zoológia, ornitológia, entomológia, viselkedéstudomány biológiája 
695 |a Állattan 
700 0 1 |a Horváth Andor  |e ths 
856 4 0 |u https://doktori.bibl.u-szeged.hu/id/eprint/8827/1/1960_richnovszky_andor.pdf  |z Dokumentum-elérés